Statistics for Top 10 US States Highest Percentage of White Population

Click here to take the quiz!

General Stats

  • This quiz has been taken 201 times
  • The average score is 7 of 10

Answer Stats

%State% Correct
95.3Maine
90%
94.4New Hampshire
87%
95.4Vermont
86%
90.1North Dakota
81%
93.1Wyoming
78%
93.8Idaho
76%
89.9Nebraska
61%
91.8Utah
60%
92.8Iowa
59%
94.0West Virginia
39%

Score Distribution

Percentile by Number Answered

Percent of People with Each Score

Your Score History

You have not taken this quiz